00288 a2200121 4500001000700000020000600007040001100013100004100024240003700065245003200102362000900134440002300143180582 a  cMagnum aTomassini, Maria Beatriz Altenfelder10aOnde tem fumaca, tem fogo !lpor10aOnde tem fumaca, tem fogo !0 a1899 1aAo Livro Técnico